000 00604nam a2200193Ia 4500
003 GCL
008 140319s9999 xx 000 0 ara d
040 _aGCL /
_cGCL
082 0 4 _a347
_bف.م
100 1 _aفتوح الشاذلى
245 1 0 _aالمساواة فى الاجراءات الجنائية /
_cفتوح الشاذلى
260 _a[S.N] :
_bدار المطبوعات الجامعية ،
_c1990
300 _a215 ص
490 _a
650 0 4 _aالقانون الجنائى
650 0 4 _aالقانون
650 0 4 _aقانون الاجراءات الجنائية
942 _2ddc
_cBK
999 _c53881
_d53881